Normal view
MARC view
- Rutgerd Boelens
Entry Personal Name
001 - CONTROL NUMBER
- control field: 27671
003 - CONTROL NUMBER IDENTIFIER
- control field: NUST
005 - DATE AND TIME OF LATEST TRANSACTION
- control field: 20200116133857.0
008 - FIXED-LENGTH DATA ELEMENTS
- fixed length control field: 200116|| aca||aabn | a|a d
040 ## - CATALOGING SOURCE
- Original cataloging agency: NUST
- Transcribing agency: NUST
100 ## - HEADING--PERSONAL NAME
- Personal name: Rutgerd Boelens
670 ## - SOURCE DATA FOUND
- Source citation: Work cat.: (NUST): Rutgerd Boelens, Water, Power and Identity: The Cultural Politics of Water in the Andes, c2015
